Strength of Materials (Record no. 6164)

000 -LEADER
fixed length control field 00468nam a22001937a 4500
001 - CONTROL NUMBER
control field 6164
003 - CONTROL NUMBER IDENTIFIER
control field BD-DhUET
008 - FIXED-LENGTH DATA ELEMENTS--GENERAL INFORMATION
fixed length control field 141130b xxu||||| |||| 00| 0 eng d
040 ## - CATALOGING SOURCE
Original cataloging agency DLC
Transcribing agency DLC
Modifying agency BD-DhUET
082 ## - DEWEY DECIMAL CLASSIFICATION NUMBER
Classification number 620.11
Item number KHU/1984
100 ## - MAIN ENTRY--PERSONAL NAME
Personal name Khurmi, R. S.
245 ## - TITLE STATEMENT
Title Strength of Materials
250 ## - EDITION STATEMENT
Edition statement 14th ed.
260 ## - PUBLICATION, DISTRIBUTION, ETC. (IMPRINT)
Place of publication, distribution, etc. New Delhi
Name of publisher, distributor, etc. S. Chand
Date of publication, distribution, etc. 1984
300 ## - PHYSICAL DESCRIPTION
Extent vi, 991 p.
Other physical details ill.
650 #0 - SUBJECT ADDED ENTRY--TOPICAL TERM
Topical term or geographic name as entry element Strength of materials
700 ## - ADDED ENTRY--PERSONAL NAME
Personal name Lal, Jagdish
942 ## - ADDED ENTRY ELEMENTS (KOHA)
Koha item type General Book
Holdings
Not for loan Sublocation or collection (holding branch) Withdrawn status Source of classification or shelving scheme Piece designation (barcode) Damaged status Koha full call number Koha item type Copy number Date acquired Koha normalized classification for sorting Location (home branch) Price effective from Lost status Koha date last seen Shelving location
 Central Library, BUET  58300 620.11/KHU/1984General Book12014-11-30620_110000000000000_KHU_1984Central Library, BUET2014-11-30 2014-11-30Circulation section
 Central Library, BUET  58299 620.11/KHU/1984General Book22014-12-04620_110000000000000_KHU_1984Central Library, BUET2014-12-04 2014-12-04Circulation section
 Central Library, BUET  58304 620.11/KHU/1984General Book32014-12-04620_110000000000000_KHU_1984Central Library, BUET2014-12-04 2017-01-25Circulation section
 Central Library, BUET  58293 620.11/KHU/1984General Book42014-12-06620_110000000000000_KHU_1984Central Library, BUET2014-12-06 2014-12-06Circulation section
 Central Library, BUET  39805 620.11/KHU/1984General Book52014-12-06620_110000000000000_KHU_1984Central Library, BUET2014-12-06 2014-12-06Circulation section
 Central Library, BUET  58305 620.11/KHU/1984General Book62015-04-30620_110000000000000_KHU_1984Central Library, BUET2015-04-30 2015-04-30Circulation section
 Central Library, BUET  58303 620.11/KHU/1984General Book72015-04-30620_110000000000000_KHU_1984Central Library, BUET2015-04-30 2015-04-30Circulation section
 Central Library, BUET  58306 620.11/KHU/1984Reading Item82015-06-20620_110000000000000_KHU_1984Central Library, BUET2015-06-20 2015-06-20Reading section
 Central Library, BUET  58297 620.11/KHU/1984Reading Item112015-06-28620_110000000000000_KHU_1984Central Library, BUET2015-06-28 2015-06-28Reading section
 Central Library, BUET  58298 620.11/KHU/1984Reading Item102015-06-28620_110000000000000_KHU_1984Central Library, BUET2015-06-28 2015-06-28Reading section
 Central Library, BUET  58301 620.11/KHU/1984Reading Item112015-06-28620_110000000000000_KHU_1984Central Library, BUET2015-06-28 2015-06-28Reading section
 Central Library, BUET  58296 620.11/KHU/1984Reading Item122015-06-30620_110000000000000_KHU_1984Central Library, BUET2015-06-30 2015-06-30Reading section
 Central Library, BUET  58295 620.11/KHU/1984Reading Item132015-06-30620_110000000000000_KHU_1984Central Library, BUET2015-06-30 2015-06-30Reading section
 Central Library, BUET  58302 620.11/KHU/1984Reading Item142015-07-02620_110000000000000_KHU_1984Central Library, BUET2015-07-02 2015-07-02Reading section